000 00370nam a2200145Ia 4500
008 210716s2001 xx 000 0 und d
041 _aeng
082 _a658.802 RAJN
100 _aRajashekar, N.
245 _aNew age of marketing.
260 _aHyderabad
_bICFAI University Press
_c2001
300 _a205,A9
650 _aRural Marketing
700 _aRajashekar, N.
999 _c202429
_d202429